000 00854nam a22002057a 4500
003 OSt
005 20251013030520.0
008 251013b |||||||| |||| 00| 0 eng d
020 _a978-90-8790-478-4
040 _aDWC-Main Lib.
_cOC
100 _aVessuri, Hebe
245 _aUniversities as centres of research and knowledge creation :
_ban endangered species?/
_cVessuri, Hebe
260 _aRotterdam, The Netherlands :
_bSense Publishers,
_cc2008.
300 _avii, 269 pages ;
_c23 cm.
490 _a(Global perspectives on higher education)
504 _aIncludes bibliographical references and index.
650 _a1. Universities--Asia--Case studies--Congresses. | 2. Education, Higher--Asia--Centers of research. I. Vessuri, Hebe. II. Teichler, Ulrich. III. Title.
700 _aTeichler, Ulrich
942 _2ddc
_cBK-CIRC
_hCirc.
_n0
999 _c4853
_d4853